[Event "7th Sinquefield Cup GCT 2019"]
[Site "Saint Louis"]
[Date "2019.08.19"]
[Round "3.1"]
[White "Aronian, Levon"]
[Black "Anand, Viswanathan"]
[Result "1/2-1/2"]
[WhiteElo "2765"]
[BlackElo "2756"]
[Annotator "TA"]
[PlyCount "83"]
[EventDate "2019.08.17"]
[EventType "tourn"]
[EventCountry "USA"]
[SourceTitle "playchess.com"]
[Source "ChessBase"]
[SourceQuality "1"]

{[%evp 14,83,35,10,20,20,10,0,0,0,0,0,0,0,0,7,0,0,0,0,5,0,0,0,0,0,0,0,0,0,0,0,0,0,0,0,2,2,2,2,2,2,2,3,4,0,0,0,0,0,0,0,0,0,10,10,10,10,10,10,10,10,10,10,10,10,51,0,10,0,45,0]} 1. e4 e5 2. Nf3 Nc6 3. Bc4 Bc5 4. d3 Nf6 5. O-O h6 6. c3 d6 7. Re1 O-O 8. h3 a6 {C54: Giuoco Piano: 4 c3 Nf6, main lines with 5 d4 and 5 d3} 9. a4 a5 10. d4 Bb6 {The position is equal.} (10... Ba7 11. Bb3 Re8 12. Bc2 Bd7 13. Na3 Qc8 14. Nb5 Bb6 15. Bb1 exd4 16. cxd4 {0-1 (34) Giri,A (2797)-Karjakin,S (2753) Shamkir 2019}) 11. Be3 exd4 $146 ({Predecessor:} 11... Nxe4 12. d5 Bxe3 13. Rxe3 Nc5 14. dxc6 bxc6 {0-1 (37) Uzun,M-Kiziltas,I (1553) Konya 2017}) 12. cxd4 d5 ({Not} 12... Nxe4 13. d5 $16) 13. exd5 Nxd5 14. Bxd5 Qxd5 15. Nc3 Qd8 16. d5 Bxe3 17. dxc6 Qxd1 18. Raxd1 Bc5 19. Ne5 {And now cxb7 would win.} bxc6 20. Nxc6 Bb7 21. Ne7+ Kh7 22. Rd7 Bd6 23. Rd1 Rab8 24. Nb5 Bxe7 25. Rxe7 Bc6 26. Nc3 Rb4 27. Rxc7 Bxa4 28. Nxa4 Rxa4 $11 {[%mdl 4096] Endgame KRR-KRR} 29. Rb7 Rf4 30. g3 Rf6 31. Rb5 Ra8 32. Ra1 Rc8 33. Raxa5 Rc2 34. Rf5 {Threatening Rxf6.} Rxb2 35. Rxf6 gxf6 {KR-KR} 36. Ra4 Rb3 37. Kg2 Kg7 38. Rg4+ Kh7 39. Rf4 Kg7 40. Rg4+ Kh7 41. Rf4 Kg7 42. Rg4+ {Accuracy: White = 84%, Black = 82%.} 1/2-1/2

[Event "7th Sinquefield Cup GCT 2019"]
[Site "Saint Louis"]
[Date "2019.08.19"]
[Round "3.2"]
[White "Carlsen, Magnus"]
[Black "Caruana, Fabiano"]
[Result "1/2-1/2"]
[WhiteElo "2882"]
[BlackElo "2818"]
[Annotator "TA"]
[PlyCount "85"]
[EventDate "2019.08.17"]
[EventType "tourn"]
[EventCountry "USA"]
[SourceTitle "playchess.com"]
[Source "ChessBase"]
[SourceQuality "1"]

{[%evp 9,85,16,16,-7,-9,0,21,22,16,20,12,22,18,24,32,18,36,35,34,37,43,45,43,34,34,31,34,34,34,38,49,33,41,31,41,41,43,43,67,62,61,62,66,57,60,33,37,34,36,14,10,0,0,0,12,0,0,0,0,0,0,-15,-15,-15,-15,-22,-12,-12,0,-8,-8,-8,0,-8,0,-8,0,-8]} 1. d4 Nf6 2. c4 e6 3. Nf3 d5 4. Nc3 dxc4 5. e4 Bb4 6. Bxc4 {D24: Queen's Gambit Accepted: 3 Nf3 Nf6 4 Nc3} Nxe4 7. O-O Nf6 8. Qa4+ Nc6 9. Ne5 Bd6 $146 ({Predecessor:} 9... Rb8 10. d5 exd5 11. Nxd5 Nxd5 12. Nxc6 bxc6 13. Qxc6+ Qd7 14. Qxd5 {½-½ (31) Mamedyarov,S (2817)-Caruana,F (2832) Germany 2019}) 10. Nxc6 bxc6 11. Qxc6+ Bd7 12. Qf3 O-O 13. Bg5 h6 14. Bh4 Rb8 15. b3 Rb6 16. Ne4 {[%cal Re4f6]} Be7 17. Nxf6+ Bxf6 18. Bxf6 Qxf6 19. Qxf6 gxf6 20. d5 e5 21. Rfc1 a5 22. Be2 c6 23. dxc6 Rxc6 24. Rxc6 Bxc6 $14 {[%mdl 4096] Endgame KRB-KRB} 25. Rc1 Bd7 26. Rc5 Ra8 27. f4 exf4 28. Bf3 Ra6 29. Kf2 {[%mdl 1024] White has compensation.} (29. Rd5 $5 {[%cal Rd5d7]} Ra7 30. Rd4 $14) 29... Be6 {The position is equal.} 30. Be2 Ra8 31. Bf3 Ra6 32. Bb7 Ra7 33. Be4 Kg7 34. Kf3 a4 35. Bc2 (35. Rc3 {seems wilder.} axb3 36. axb3 Ra5 37. Bd3 Ra2 38. Bc2) 35... axb3 36. Bxb3 Rb7 37. Kxf4 Bxb3 38. axb3 Rxb3 $11 {KR-KR} 39. g3 Rb4+ 40. Kf3 Rb3+ 41. Kf4 Rb4+ 42. Kf3 Rb3+ 43. Kf4 {Accuracy: White = 62%, Black = 66%.} 1/2-1/2

[Event "7th Sinquefield Cup GCT 2019"]
[Site "Saint Louis"]
[Date "2019.08.19"]
[Round "3.4"]
[White "So, Wesley"]
[Black "Giri, Anish"]
[Result "1/2-1/2"]
[WhiteElo "2776"]
[BlackElo "2779"]
[Annotator "TA"]
[PlyCount "74"]
[EventDate "2019.08.17"]
[EventType "tourn"]
[EventCountry "USA"]
[SourceTitle "playchess.com"]
[Source "ChessBase"]
[SourceQuality "1"]

{[%evp 24,74,22,18,25,26,26,17,21,27,16,0,14,0,14,-3,0,-25,8,4,8,0,10,8,6,7,7,7,14,14,14,10,11,7,14,13,12,7,14,0,14,14,14,14,14,14,14,0,14,0,14,0,14]} 1. d4 Nf6 2. c4 e6 3. Nf3 d5 4. g3 Be7 5. Bg2 O-O 6. O-O dxc4 7. Qc2 a6 8. a4 Bd7 9. Qxc4 Bc6 10. Bg5 Nbd7 11. Nc3 h6 12. Bxf6 Nxf6 13. b4 Bd5 {E05: Open Catalan: 5 Nf3 Be7} 14. Nxd5 exd5 15. Qb3 c6 16. e3 Bd6 {[#]} 17. Rab1 $146 ({Predecessor:} 17. Rfc1 Ne4 18. Ne1 h5 19. b5 axb5 20. axb5 Qb6 21. Bxe4 Rxa1 22. Rxa1 dxe4 {½-½ (41) Cornette,M (2581)-Maze,S (2627) Agen 2016}) 17... Qe7 18. Rfd1 g6 19. Ne1 Kg7 20. b5 axb5 21. axb5 {The position is equal.} Qd7 22. Nd3 Rfc8 23. bxc6 bxc6 24. Qc2 Ra6 25. Rdc1 Qa7 26. Bf3 Rb8 27. Rxb8 Qxb8 28. Kg2 h5 29. Nc5 Bxc5 30. Qxc5 Qb2 31. Qc3 Qb8 32. h4 Qb7 33. Rc2 Rb6 34. Qc5 Ra6 35. Qc3 Rb6 36. Qc5 Ra6 37. Qc3 Rb6 {Accuracy: White = 38%, Black = 72%.} 1/2-1/2

[Event "7th Sinquefield Cup GCT 2019"]
[Site "Saint Louis"]
[Date "2019.08.19"]
[Round "3.5"]
[White "Nakamura, Hikaru"]
[Black "Karjakin, Sergey"]
[Result "1/2-1/2"]
[WhiteElo "2743"]
[BlackElo "2750"]
[Annotator "TA"]
[PlyCount "208"]
[EventDate "2019.08.17"]
[EventType "tourn"]
[EventCountry "USA"]
[SourceTitle "playchess.com"]
[Source "ChessBase"]
[SourceQuality "1"]

{[%evp 13,208,9,30,0,0,0,6,0,6,0,0,0,5,0,8,7,0,13,32,0,33,0,28,13,13,13,13,13,8,11,13,12,16,5,18,4,31,0,10,0,11,10,14,0,0,0,21,23,27,27,26,24,38,41,45,60,56,39,32,34,62,47,45,38,45,45,65,65,65,54,54,54,54,54,54,32,32,32,34,32,32,32,32,32,32,32,32,32,32,32,32,32,32,32,32,32,37,37,37,32,74,74,74,74,74,74,74,74,74,74,74,74,74,74,97,74,74,74,74,74,74,74,74,74,74,74,74,74,74,74,74,74,74,26,74,74,74,74,74,74,74,74,74,74,74,31,74,31,31,31,31,31,59,31,31,31,31,31,30,0,0,0,0,0,0,0,30,0,0,0,0,0,125,125,125,125,125,125,125,125,125,125,125,125,125,125,125,125,125,125,125,0,125,0,125,0,125]} 1. d4 Nf6 2. c4 e6 3. Nf3 d5 4. g3 Bb4+ 5. Bd2 Be7 6. Bg2 O-O 7. O-O Nbd7 8. a4 {E11: Bogo-Indian} (8. Nc3 c6 9. Bf4 dxc4 10. e4 Re8 11. a4 b6 12. d5 exd5 13. exd5 Bb7 14. a5 bxa5 15. d6 Bf8 16. Nd2 Nd5 17. Nxd5 cxd5 18. Nxc4 dxc4 19. Bxb7 {½-½ (42) Nakamura,H (2777)-Karjakin,S (2773) Saint Louis 2018}) 8... a5 9. Qc2 c6 10. Na3 Ne4 11. Bf4 g5 12. Be3 f5 13. Rad1 {[#]} Qe8 $146 ({Predecessor:} 13... Bf6 14. Nb1 Qe7 15. Nc3 b6 {0-1 (35) Gelfand,B (2724)-Ding,L (2773) Moscow 2017}) 14. Qc1 {[%cal Rf3g5]} h6 15. Ne5 Kh7 16. f3 Nef6 17. b3 Bd6 18. f4 g4 19. Nc2 {[%cal Ba3c2,Bc2e1,Be1d3][%mdl 32]} h5 20. Ne1 Rh8 21. N1d3 Kg7 22. Bf2 Rh6 23. Qe3 Nf8 (23... Kg8 {is more complex.} 24. c5 Bc7 25. Rb1 Rh7 26. Be1 Bd8) 24. Rb1 Ng6 25. Nxg6 (25. c5 {seems wilder.} Be7 26. h4 gxh3 27. Bxh3 Nxe5 28. Nxe5 Kg8 29. Kg2) 25... Qxg6 26. c5 Bc7 27. b4 axb4 28. Rxb4 Rh7 29. Ne5 Qe8 30. Ra1 Ba5 31. Rb3 $36 {[%mdl 2048] White has some pressure.} Qd8 32. Qc1 Ra7 33. Be1 Rh8 34. Bxa5 Qxa5 35. Qc3 Qxc3 36. Rxc3 Ra5 37. Rb3 Rh7 38. Rb4 Kf8 39. h4 Ke8 40. e3 Kd8 41. Nd3 Kc7 42. Nc1 Rh8 43. Nb3 Ra7 44. Kf1 Bd7 45. Ke1 Rha8 46. Kd2 Be8 47. Kc3 Bd7 48. a5 Be8 49. Rb6 Bd7 50. Kb4 Be8 51. Rg1 Nd7 52. Bf1 Bf7 53. Bd3 Be8 54. Ra1 Bf7 55. Kc3 Be8 56. Rb4 Nb8 57. Rba4 Bd7 58. Nc1 Be8 59. Bc2 Bd7 60. R4a3 Be8 61. Bd3 Bd7 62. Ne2 Be8 63. Kb4 Na6+ 64. Kb3 Nb8 65. Nc3 Bd7 66. Kb2 Kd8 67. Nd1 Kc7 68. Nf2 Be8 69. Bc2 Bd7 70. Nd3 Be8 71. Bd1 Kc8 72. Be2 Kc7 73. Nb4 Bd7 74. Kc2 Be8 75. Nd3 Bd7 76. Nc1 Be8 77. Nb3 Bd7 78. Ra4 Be8 79. Rb4 Bf7 80. Rb6 Nd7 81. Bd3 Be8 82. Kc3 Bf7 83. Rb1 Rb8 84. Rb4 Be8 85. Kd2 Bf7 86. Ke1 Be8 87. Kf1 Bf7 88. Kf2 Be8 89. Kg2 Bf7 90. a6 (90. Ra4 {looks sharper.} Nf6 91. Ra2 Ne4 92. Bxe4 fxe4 93. Kf2) 90... bxa6 91. Rxb8 Nxb8 92. Na5 Be8 (92... Nd7 $11) 93. Rb6 $16 {[%mdl 1024] White has strong compensation.} Bd7 {[#]} 94. Bc2 $1 Be8 95. Ba4 Bd7 96. Kf2 Be8 97. Ke1 Bd7 98. Kd2 Be8 99. Kc3 Bd7 100. Kb4 Be8 101. Bc2 Bd7 102. Ba4 Be8 103. Bc2 Bd7 $1 104. Ba4 Be8 {Accuracy: White = 63%, Black = 70%.} 1/2-1/2

[Event "7th Sinquefield Cup GCT 2019"]
[Site "Saint Louis"]
[Date "2019.08.19"]
[Round "3.6"]
[White "Nepomniachtchi, Ian"]
[Black "Mamedyarov, Shakhriyar"]
[Result "1/2-1/2"]
[WhiteElo "2774"]
[BlackElo "2764"]
[Annotator "TA"]
[PlyCount "105"]
[EventDate "2019.08.17"]
[EventType "tourn"]
[EventCountry "USA"]
[SourceTitle "playchess.com"]
[Source "ChessBase"]
[SourceQuality "1"]

{[%evp 14,105,36,18,31,36,34,32,37,31,30,21,24,11,11,13,13,13,12,9,12,15,19,14,16,14,11,1,25,29,45,23,48,25,42,22,80,67,53,35,35,32,33,7,15,0,123,38,46,5,0,0,14,0,0,0,0,0,0,0,0,0,0,0,0,0,0,0,0,0,0,0,8,8,8,8,8,8,9,8,8,8,8,8,8,8,8,8,8,8,8,8,8,8]} 1. e4 e5 2. Nf3 Nc6 3. Bb5 a6 4. Ba4 Nf6 5. O-O Bc5 ({Predecessor:} 5... b5 6. Bb3 Bc5 7. a4 Bb7 8. c3 {½-½ (24) Jensen,E (2505)-Szczepanski,Z (2557) ICCF email 2012}) 6. c3 b5 7. Bb3 d6 8. a4 Bb7 $146 {C78: Ruy Lopez: Archangelsk and Möller Defences} (8... Rb8 9. d4 Bb6 10. a5 Ba7 11. h3 O-O 12. Be3 Ra8 13. Nbd2 h6 14. Re1 Re8 15. Qb1 exd4 16. cxd4 Nb4 17. Ra3 c5 18. dxc5 dxc5 19. Bxf7+ Kxf7 {0-1 (33) Lagarde,M (2612)-Jones,G (2698) Reykjavik 2019}) 9. d4 Bb6 10. Bg5 h6 {White is slightly better.} 11. Bxf6 Qxf6 12. Bd5 O-O 13. dxe5 dxe5 14. Qe2 bxa4 15. Nbd2 Rad8 16. Nc4 Bc8 17. Rxa4 Ne7 18. Nxb6 cxb6 19. c4 a5 20. Qe3 Ba6 21. Rc1 Rc8 22. Raa1 Qd6 23. h3 Nxd5 24. cxd5 f5 (24... Bb5 $1 $11) 25. Rxc8 Bxc8 26. Rd1 fxe4 27. Qxe4 Re8 $1 28. Nd2 b5 29. Qd3 Qb4 (29... Rd8 $11 {remains equal.}) 30. Ne4 (30. d6 $16) 30... Kh8 $1 $14 31. d6 {[#] aiming for d7!} Bf5 $1 {[%cal Rf5e4] The position is equal.} 32. f3 {Threatens to win with Qd5.} Rd8 $1 33. Qc2 (33. Rd2 {with more complications.} Bxe4 34. fxe4 Qc5+ 35. Kh2 a4 36. Qf3) 33... Rxd6 34. Rxd6 Qxd6 35. Nxd6 Bxc2 36. Nxb5 $11 {[%mdl 4096] Endgame KB-KN} Kg8 37. Nd6 Bd3 38. Kf2 Kf8 39. Nb7 a4 $1 40. Ke3 Bf1 41. Nc5 Bxg2 42. h4 g5 43. hxg5 hxg5 44. Nxa4 Bh3 45. Nc5 Bc8 46. b4 {[#] Hoping for b5.} g4 47. fxg4 Bxg4 48. Ke4 Ke7 49. Kxe5 Be2 50. Ne4 Kd7 51. Nc3 Bf1 52. b5 Bxb5 53. Nxb5 {Accuracy: White = 69%, Black = 71%.} 1/2-1/2

[Event "7th Sinquefield Cup GCT 2019"]
[Site "Saint Louis"]
[Date "2019.08.20"]
[Round "4.1"]
[White "Anand, Viswanathan"]
[Black "So, Wesley"]
[Result "1/2-1/2"]
[WhiteElo "2756"]
[BlackElo "2776"]
[Annotator "TA"]
[PlyCount "84"]
[EventDate "2019.08.17"]
[EventType "tourn"]
[EventCountry "USA"]
[SourceTitle "playchess.com"]
[Source "ChessBase"]
[SourceQuality "1"]

{[%evp 17,84,39,39,33,24,18,39,22,35,29,26,16,15,12,67,58,73,64,60,70,233,209,208,103,95,18,20,26,20,34,22,22,31,22,16,0,60,26,26,26,31,34,41,33,39,43,43,38,78,45,33,33,62,53,78,0,0,0,0,0,0,0,0,0,0,0,0,0,0]} 1. e4 e5 2. Nf3 Nf6 3. Nxe5 d6 4. Nf3 Nxe4 5. d4 d5 6. Bd3 Bf5 7. O-O Be7 8. Re1 O-O 9. c4 Nc6 10. cxd5 {C42: Petroff Defence: 3 Nxe5 and unusual White 3rd moves} Qxd5 11. Nc3 Nxc3 12. bxc3 {White is slightly better.} Bxd3 13. Qxd3 Rae8 14. Rb1 b6 {[#]} 15. Bf4 $146 {[%mdl 2048] White is more active.} ({Predecessor:} 15. c4 Qd7 16. d5 Bf6 17. Bf4 Na5 18. h3 Nb7 19. Nh2 Be7 20. Ng4 Bd6 21. Bxd6 Qxd6 {½-½ (21) Sevian,S (2620)-Nisipeanu,L (2687) Tbilisi 2017}) 15... Bd6 (15... Qd7 $11) 16. Ng5 $14 {[%csl Gg5][%cal Rd3h7]} f5 17. Rxe8 $1 Rxe8 18. c4 Qa5 $2 (18... Qxd4 $14 19. Qxf5 Qxf4 20. Qd5+ (20. Qxh7+ $2 Kf8 $19) 20... Kf8) 19. Bd2 $18 Nb4 20. Qf3 (20. Bxb4 Bxb4 21. g3 h6 $14) (20. Qf1 $1 $18 {and the rest is easy.}) 20... h6 $16 {[#]} 21. Bxb4 ({Don't play} 21. Qh5 $6 Re7 $11) ({Better is} 21. a3 $1 $16 {[%cal Ra3b4]} Qa4 22. axb4 (22. Bxb4 hxg5 23. Qd5+ {[%mdl 64] Double Attack} Kh8 $16) 22... hxg5 23. Qd5+ (23. Qxf5 Bxb4 24. Be3 Be7 $16) (23. Bxg5 Qxb4 {[%mdl 64] Double Attack} 24. Qd5+ Kh8 $11) 23... Kh8 24. Qxf5) 21... Qxb4 $11 22. Qd5+ Kh8 {[%cal Rb4b1]} 23. Nf7+ Kh7 {[%cal Rb4b1]} 24. Rf1 $1 ({Not} 24. Qxf5+ $2 g6 $19) 24... Re1 25. Qxf5+ Kg8 {Threatens to win with ...Rxf1+.} 26. Nxd6 cxd6 (26... Qd2 $11 27. Qd5+ Kh7 28. Qf5+ Kg8 29. Qf7+ Kh7 30. Qf5+ Kg8) 27. Qd3 (27. Qc2 {feels hotter.} Re7 28. Qb3 Qxb3 29. axb3 Re2 30. Ra1) 27... Rxf1+ 28. Kxf1 {[%mdl 4096] Endgame KQ-KQ} Qb2 29. a3 d5 30. cxd5 {And now g3 would win.} Qa1+ 31. Ke2 Qa2+ 32. Ke3 Qxd5 33. g3 b5 34. Qc3 Qe6+ 35. Kd3 a5 {[#]} 36. Qxa5 (36. Qc5 $1 $16) 36... Qc4+ {The position is equal.} 37. Ke3 Qe6+ $1 38. Kd2 Qa2+ $1 39. Ke1 Qb1+ $1 40. Kd2 {Hoping for Qa8+.} Qa2+ $1 41. Ke3 Qe6+ 42. Kd2 Qa2+ $1 {Accuracy: White = 46%, Black = 74%.} 1/2-1/2

[Event "7th Sinquefield Cup GCT 2019"]
[Site "Saint Louis"]
[Date "2019.08.20"]
[Round "4.2"]
[White "Mamedyarov, Shakhriyar"]
[Black "Carlsen, Magnus"]
[Result "1/2-1/2"]
[WhiteElo "2764"]
[BlackElo "2882"]
[Annotator "TA"]
[PlyCount "135"]
[EventDate "2019.08.17"]
[EventType "tourn"]
[EventCountry "USA"]
[SourceTitle "playchess.com"]
[Source "ChessBase"]
[SourceQuality "1"]

{[%evp 25,135,-10,-2,-2,-16,0,-16,-14,0,-42,-50,-50,-43,-38,-49,-49,-44,-41,-39,-42,-8,-11,0,-14,0,0,0,0,0,0,0,-21,0,-62,-56,-47,-45,-56,-56,-42,-53,-42,-42,-42,-55,-44,-36,-103,-92,-80,-25,-18,-23,-74,-2,-79,-39,-45,-31,-32,-32,-32,-32,-32,-32,-32,-29,-32,-32,-32,-32,-32,-39,-141,-141,-141,-141,-141,-141,-188,-188,-188,-183,-168,-117,-118,-77,-77,-77,-77,-77,-77,-77,-77,-77,-136,-107,-107,-107,-107,-107,-107,-107,-107,-107,-107,0,-107,0,-107,0,-107]} 1. d4 d5 2. c4 c6 3. Nc3 Nf6 4. e3 e6 5. Nf3 Nbd7 6. Qc2 Bd6 7. Bd3 dxc4 8. Bxc4 b5 9. Be2 O-O 10. O-O a6 11. Rd1 Qc7 12. e4 e5 13. g3 Re8 14. a3 {D46: Semi-Slav: 5 e3 Nbd7 6 Bd3, Black avoids the Meran} (14. dxe5 Nxe5 15. Bg5 Nxf3+ 16. Bxf3 Be5 17. Rac1 Bh3 18. Bxf6 gxf6 19. Qe2 Be6 20. Bg4 Qe7 21. Qf3 Rad8 {0-1 (68) Le,Q (2739)-Navara,D (2737) Saint Louis 2017}) 14... exd4 15. Nxd4 Be5 16. Bf3 c5 17. Nde2 Bb7 18. Be3 c4 {[#]} 19. b4 $146 ({Predecessor:} 19. b3) 19... cxb3 20. Qxb3 Nc5 21. Bxc5 $1 Qxc5 22. Rac1 Qb6 23. Na4 Qa7 24. Nc5 Rac8 25. Nd7 Rxc1 ({Not} 25... Nxe4 $2 26. Bxe4 Bxe4 27. Nxe5 $18) 26. Nxc1 h6 27. Nxf6+ Bxf6 ({Wrong is} 27... gxf6 $2 28. Rd7 $1 $18 {[%mdl 512]}) 28. Rd7 Re7 29. Rd8+ (29. Rxe7 $1 $11 Bxe7 30. Bh5 Bxe4 31. Qxf7+ Kh7 32. Qe6) 29... Kh7 $15 30. Qd3 {Black must now prevent e5+.} Be5 31. Rh8+ {[%mdl 64] Decoy} Kxh8 32. Qd8+ Kh7 33. Qxe7 Bd4 34. Qxf7 Bxf2+ 35. Kg2 Bc8 36. Qa2 ({Better is} 36. Qb3 $15) 36... Bb6 $17 37. e5 Bf5 ({Black should play} 37... Qd7 $17 {( -> ...Qh3+)} 38. Qe2 g5) 38. g4 $11 Bg6 39. Ne2 (39. h4 $11) 39... Qc7 (39... Qe7 $17 40. Qd5 Qc5) 40. Nf4 (40. Qe6 $1 $11 {keeps the balance.}) 40... Qc2+ 41. Qxc2 Bxc2 $15 {[%mdl 4096] Endgame KBB-KBN} 42. Nd5 Bc5 43. Nb4 Bb3 {Strongly threatening ...a5.} 44. Nxa6 Bxa3 45. Nc7 Bc4 46. e6 Bd6 {Hoping for ...b4.} 47. Bc6 b4 {And now ...b3 would win.} 48. Nd5 $1 Kg6 49. e7 (49. Kf2 $15) 49... Bxd5+ $1 $17 50. Bxd5 Bxe7 {KB-KB} 51. Kf3 Kf6 $1 52. Ke4 {[#]} Kg5 $1 53. Kf3 {[#]} Kh4 $1 54. Be6 Bg5 (54... Bd6 $19 55. h3 Bc5) 55. Kg2 Bf4 56. h3 Kg5 57. Kf3 Kf6 58. Bg8 Ke5 59. h4 g5 60. hxg5 (60. h5 $142) 60... hxg5 61. Ke2 Kd4 62. Kd1 Kc3 63. Bf7 b3 64. Be6 Be3 65. Bf7 Bf4 66. Be6 $1 Be3 67. Bf7 $1 Bf4 68. Be6 $1 {Accuracy: White = 73%, Black = 71%.} 1/2-1/2

[Event "7th Sinquefield Cup GCT 2019"]
[Site "Saint Louis"]
[Date "2019.08.20"]
[Round "4.3"]
[White "Caruana, Fabiano"]
[Black "Aronian, Levon"]
[Result "1-0"]
[WhiteElo "2818"]
[BlackElo "2765"]
[Annotator "TA"]
[PlyCount "105"]
[EventDate "2019.08.17"]
[EventType "tourn"]
[EventCountry "USA"]
[SourceTitle "playchess.com"]
[Source "ChessBase"]
[SourceQuality "1"]

{[%evp 9,105,16,20,15,29,0,0,0,0,0,0,0,0,0,0,2,30,25,21,20,24,20,23,19,19,23,26,28,35,22,31,27,25,33,37,36,15,19,31,17,25,36,44,41,61,52,52,45,39,57,38,46,46,36,41,36,43,41,51,45,38,35,51,15,14,22,35,0,52,65,100,92,93,60,59,59,59,54,61,59,62,6,71,71,1038,951,5226,3813,2984,2704,29978,29979,29979,29980,29980,29981,29983,29984]} 1. e4 e5 2. Nf3 Nc6 3. Bb5 Nf6 4. d3 Bc5 5. c3 O-O 6. O-O {C65: Ruy Lopez: Berlin Defence (3...Nf6), unusual lines and 4 0-0 Bc5} Re8 (6... d6 7. Ba4 Ne7 8. Bc2 Ng6 9. d4 Bb6 10. a4 c6 11. dxe5 Nxe5 12. Nxe5 dxe5 13. Qxd8 Rxd8 14. a5 Bc5 {1-0 (39) Carlsen,M (2845)-Grischuk,A (2771) Shamkir 2019}) 7. d4 Bb6 8. d5 {The position is equal.} Ne7 9. Nxe5 Nxe4 10. Qf3 $146 ({Predecessor:} 10. Bd3 Nf6 11. d6 cxd6 12. Nc4 Bc7 13. Bg5 Ng6 14. Bxg6 hxg6 15. Nxd6 Bxd6 16. Qxd6 {½-½ (46) Quirhuayo Chumbe,G (2220)-Cuellar,D (2376) Lima 2016}) 10... Nf6 11. d6 $1 cxd6 12. Nc4 d5 13. Nd6 Rf8 14. Bg5 Ne4 15. Nxe4 dxe4 16. Qxe4 f6 {[#] ...d5 is the strong threat.} 17. Be3 d5 18. Qf3 Ng6 {[%cal Be7g6,Bg6e5,Be5c6,Bc6a5,Ba5c4][%mdl 32]} 19. Na3 Bc7 20. Rad1 Ne5 21. Qe2 a6 22. Ba4 Bg4 23. f3 Be6 $1 24. Bb3 Re8 25. f4 Nc6 26. Qf3 {[%cal Rb3d5]} Bb6 27. Nc2 Na5 28. Bxd5 Bxd5 29. Rxd5 Bxe3+ 30. Nxe3 Qb6 {And now ...Nc4 would win.} 31. Rd3 Nc4 {[%cal Rc4e3]} 32. Qd5+ Kf8 $1 33. Qxc4 Rxe3 34. Rxe3 Qxe3+ $14 {[%mdl 4096] Endgame KQR-KQR} 35. Kh1 Rd8 36. h3 b5 37. Qc6 Qe2 38. Rf3 Qxb2 (38... h5 $11) 39. Qxa6 h5 40. Kh2 h4 41. Qa7 Kg8 42. Qe7 Qd2 43. Re3 Qd6 44. Qe4 Qd5 45. Qb4 (45. Qg6 $14 Qd2 46. Re8+ Rxe8 47. Qxe8+ {[%mdl 64] Double Attack} Kh7 48. Qh5+ (48. Qxb5 Qxf4+ 49. Kg1 Qc1+ 50. Kh2 Qf4+ 51. Kh1 Qc1+ 52. Kh2 Qf4+ $11) 48... Kg8 49. Qxh4) 45... Rc8 (45... Qf5 $11 {keeps the balance.}) 46. a4 $36 {[%cal Ba2a4,Ba4b5,Bb5b6][%mdl 2080] White is on the roll.} Qc5 $2 {[%mdl 8192] [#]} (46... bxa4 $16 47. Qxa4 Qf5) 47. Re8+ $1 $18 {[%mdl 512]} Kh7 (47... Rxe8 48. Qxc5) 48. Rxc8 {[%mdl 64] Overworked Piece} Qxc8 49. axb5 Qf5 50. b6 {White mates.} Qd3 51. c4 Qg3+ 52. Kh1 Qd3 53. c5 {Accuracy: White = 76%, Black = 54%.} 1-0

[Event "7th Sinquefield Cup GCT 2019"]
[Site "Saint Louis"]
[Date "2019.08.20"]
[Round "4.4"]
[White "Nakamura, Hikaru"]
[Black "Ding, Liren"]
[Result "1/2-1/2"]
[WhiteElo "2743"]
[BlackElo "2805"]
[Annotator "TA"]
[PlyCount "94"]
[EventDate "2019.08.17"]
[EventType "tourn"]
[EventCountry "USA"]
[SourceTitle "playchess.com"]
[Source "ChessBase"]
[SourceQuality "1"]

{[%evp 20,94,17,12,23,10,17,10,22,21,18,11,25,24,24,25,29,22,22,23,24,37,30,27,34,16,30,16,28,14,15,15,27,20,25,18,16,18,43,43,43,43,43,43,51,51,51,51,51,51,51,51,51,51,51,51,51,51,51,51,51,11,11,0,0,0,0,0,0,0,0,0,0,0,0,0,0]} 1. e4 e5 2. Nf3 Nc6 3. Bb5 a6 4. Ba4 Nf6 5. O-O Be7 6. Re1 b5 7. Bb3 O-O 8. h3 Bb7 9. d3 d6 10. a3 Qd7 11. Nc3 Rfe8 {C88: Closed Ruy Lopez: Anti-Marshall Systems} 12. Nd5 Nxd5 13. exd5 {[#]} Na7 $146 ({Predecessor:} 13... Nd4 14. Nxd4 exd4 15. Bd2 Bf6 16. Qg4 Qxg4 17. hxg4 h6 18. Rxe8+ Rxe8 {½-½ (41) Vachier Lagrave,M (2686)-Tkachiev,V (2644) Pau 2012}) 14. d4 exd4 15. Qxd4 c5 16. dxc6 $1 Nxc6 17. Qd3 Bf6 {[#] ...Nd4! is the strong threat.} 18. Bd2 Ne5 19. Rxe5 Rxe5 ({Much worse is} 19... Bxe5 $6 20. Ng5 $14) 20. Nxe5 Bxe5 21. c3 Qc6 {[%csl Gb7][%cal Rc6g2] [#]} 22. f3 d5 23. Re1 Bc7 24. Bc2 g6 25. Bh6 Re8 26. Rxe8+ Qxe8 27. Qe3 (27. Be3 {looks sharper.} Qe5 28. f4 Qf6 29. Qd2 Bc8 30. a4) 27... Qxe3+ 28. Bxe3 $11 {[%mdl 4096] Endgame KBB-KBB} f5 29. f4 Kf7 30. g3 Ke6 31. Kf2 h5 32. h4 Bc6 33. Ba7 Bd8 34. Ke3 Bf6 35. Bb6 Kd6 36. Kd2 Bd7 37. Kd3 Bc6 38. Bd1 Bd7 39. Bf3 Bc6 40. Kc2 (40. Be2 {keeps more tension.} Bd7 41. Bd4 Bd8 42. Be5+ Kc5 43. Bf3) 40... d4 {The position is equal.} 41. Bxc6 Kxc6 42. Bxd4 {KB-KB} Be7 $1 43. Kd3 Kd5 44. Be3 Bd6 45. Bd4 Be7 46. Be3 Bd6 47. Bd4 Be7 {Accuracy: White = 81%, Black = 71%.} 1/2-1/2